000 00420nam a22001697a 4500
005 20180807143604.0
008 160514b xxu||||| |||| 00| 0 eng d
020 _a978-81-317-2736-2
041 _aeng
082 _b2163
_a658.3
100 _aDavid, Lepark and Mary Gowan
_94710
245 _aHuman Resource Management
260 _bPearsons
_c2009
_adelhi
300 _a461p,
650 _aManagement
_9241
942 _cBK
999 _c799
_d799